Sudden Death - Lakes - Statistics

General Stats
  • This quiz has been taken 140 times
  • The average score is 5 of 15
Answers on the Grid
Answers color-coded by a green-red scale on the quiz's grid according to % correct below.
Lake Malawi
Lake Athabasca
Lake Tahoe
Lake Tomsk
Lake Baikal
Lake Tanganyika
Lake Nicaragua
Lake Michigan
Lake Turkana
Black Sea
Lake Balkhash
Aral Sea
Lake Superior
Lake Manitoba
Lake Erie
Lake Geneva
Lake Titicaca
Great Slave Lake
Lake Albert
Lake Huron
Lake Chad
Lake Ladoga
Lake Amazon
Lake Vostok
Qinghai Lake
Caspian Sea
Lake Winnipeg
Lake Maracaibo
Reindeer Lake
Lake Victoria
Lake Issyk-Kul
Great Bear Lake
Lake Tuva
Lake Mweru
Lake Ontario
 
Answer Stats
Answer % Correct
Lake Superior
57%
Lake Victoria
46%
Lake Huron
45%
Lake Michigan
45%
Lake Erie
39%
Lake Ontario
36%
Caspian Sea
33%
Lake Baikal
33%
Great Bear Lake
30%
Lake Tanganyika
26%
Great Slave Lake
22%
Lake Winnipeg
20%
Lake Ladoga
12%
Lake Malawi
12%
Lake Balkhash
9%
No matching quizzes found
Score Distribution
Percent of People with Each Score
Percentile by Number Answered
Your Score History
You have not taken this quiz